<?xml version="1.0" encoding="UTF-8"?>
<collection xmlns="http://www.loc.gov/MARC21/slim">
 <record>
  <leader>01690nam a2200265 a 4500</leader>
  <controlfield tag="001">1/52523</controlfield>
  <controlfield tag="008">210612s1999    gr       b    000 | gre d</controlfield>
  <datafield tag="020" ind1=" " ind2=" ">
   <subfield code="a">9607402154</subfield>
  </datafield>
  <datafield tag="040" ind1=" " ind2=" ">
   <subfield code="a">GR-PeUP</subfield>
  </datafield>
  <datafield tag="082" ind1="0" ind2="0">
   <subfield code="a">374.013 ΕΡΓ</subfield>
  </datafield>
  <datafield tag="245" ind1="0" ind2="3">
   <subfield code="a">Τα εργασιακά συμβούλια και ο κοινωνικός διάλογος για την συνεχιζόμενη επαγγελματική κατάρτιση :</subfield>
   <subfield code="b">περιπτωσιολογική μελέτη στην Ελλάδα, την Ολλανδία, το Βέλγιο, την Ισπανία και τη Γερμανία /</subfield>
   <subfield code="c">Gerben Bruinsma ... [κ.ά.].</subfield>
  </datafield>
  <datafield tag="260" ind1=" " ind2=" ">
   <subfield code="a">Αθήνα : </subfield>
   <subfield code="b">ΙΝΕ ΓΣΕΕ-ΑΔΕΔΥ,</subfield>
   <subfield code="c">1999.</subfield>
  </datafield>
  <datafield tag="300" ind1=" " ind2=" ">
   <subfield code="a">471 σ. : </subfield>
   <subfield code="b">πίν. ;</subfield>
   <subfield code="c">22 εκ.</subfield>
  </datafield>
  <datafield tag="490" ind1="1" ind2=" ">
   <subfield code="a">Ινστιτούτο Εργασίας ΓΣΕΕ-ΑΔΕΔΥ. Μελέτες ;</subfield>
  </datafield>
  <datafield tag="500" ind1=" " ind2=" ">
   <subfield code="a">Τίτλος στην αγγλική : The worker's councils and the social dialogue for the continuous vocational training : case study in Greece, Holland, Belgium, Spain and Germany.Περιλαμβάνει παράλληλα αγγλικό κείμενο.</subfield>
  </datafield>
  <datafield tag="504" ind1=" " ind2=" ">
   <subfield code="a">Περιλαμβάνει βιβλιογραφία.</subfield>
  </datafield>
  <datafield tag="650" ind1=" " ind2="0">
   <subfield code="a">Vocational education.</subfield>
  </datafield>
  <datafield tag="650" ind1=" " ind2="0">
   <subfield code="a">Works councils.</subfield>
  </datafield>
  <datafield tag="650" ind1=" " ind2="4">
   <subfield code="a">Επαγγελματική εκπαίδευση.</subfield>
  </datafield>
  <datafield tag="650" ind1=" " ind2="4">
   <subfield code="a">Συμβούλια εργαζομένων.</subfield>
  </datafield>
  <datafield tag="700" ind1="1" ind2=" ">
   <subfield code="a">Bruinmsa, Gerben.</subfield>
  </datafield>
  <datafield tag="830" ind1="0" ind2="0">
   <subfield code="a">Ινστιτούτο Εργασίας ΓΣΕΕ-ΑΔΕΔΥ. Μελέτες.</subfield>
   <subfield code="v">11</subfield>
  </datafield>
  <datafield tag="852" ind1=" " ind2=" ">
   <subfield code="a">INST</subfield>
   <subfield code="b">UNIPILB</subfield>
   <subfield code="c">MAIN</subfield>
   <subfield code="e">20210612</subfield>
   <subfield code="h">374.013 ΕΡΓ</subfield>
   <subfield code="p">00162533</subfield>
   <subfield code="q">00162533</subfield>
   <subfield code="t">LOAN</subfield>
   <subfield code="y">0</subfield>
   <subfield code="4">1</subfield>
  </datafield>
  <datafield tag="852" ind1=" " ind2=" ">
   <subfield code="a">INST</subfield>
   <subfield code="b">UNIPILB</subfield>
   <subfield code="c">MAIN</subfield>
   <subfield code="e">20210818</subfield>
   <subfield code="h">374.013 ΕΡΓ</subfield>
   <subfield code="p">00184383</subfield>
   <subfield code="q">00184383</subfield>
   <subfield code="t">LOAN</subfield>
   <subfield code="y">0</subfield>
   <subfield code="4">2</subfield>
  </datafield>
  <datafield tag="960" ind1=" " ind2=" ">
   <subfield code="a">ΑΛΜΠΑΝΗ ΤΑΝΙΑ</subfield>
  </datafield>
 </record>
</collection>
